000 00416ntaaa2200157 4500
003 01
005 20251027202434.0
008 0714s1973 ag 01
040 _aAR-BaBN
_bspa
_cAR-BaBN
_eaacr
_dRIC
082 _a265.3000 H843
100 _aHouston, Thomas
_923248
245 _aThe Lord's Supper - its nature, ends and obligations.
250 _a1 ed. :
_bs.l.,
_c1878
650 _aCena del SeƱor
_9286
942 _cBK
999 _c19344
_d19344